Automatic Control systems. (Record no. 5164)

MARC details
000 -LEADER
fixed length control field 00526nam a22001937a 4500
003 - CONTROL NUMBER IDENTIFIER
control field OSt
005 - DATE AND TIME OF LATEST TRANSACTION
control field 20160907132946.0
008 - FIXED-LENGTH DATA ELEMENTS--GENERAL INFORMATION
fixed length control field 160907b xxu||||| |||| 00| 0 eng d
020 ## - INTERNATIONAL STANDARD BOOK NUMBER
International Standard Book Number 9780470048962
040 ## - CATALOGING SOURCE
Transcribing agency DDC.
082 ## - DEWEY DECIMAL CLASSIFICATION NUMBER
Classification number 003.5GOL 2006.
100 ## - MAIN ENTRY--PERSONAL NAME
Personal name Golnaraghi,Farid;Kuo,C.Benjamin;
9 (RLIN) 11012
245 ## - TITLE STATEMENT
Title Automatic Control systems.
260 ## - PUBLICATION, DISTRIBUTION, ETC. (IMPRINT)
Place of publication, distribution, etc. Indiana;
Name of publisher, distributor, etc. wiley and sons.
Date of publication, distribution, etc. 2006.
300 ## - PHYSICAL DESCRIPTION
Extent xiii,786p;
Other physical details col,ill;
Dimensions 26cm.
504 ## - BIBLIOGRAPHY, ETC. NOTE
Bibliography, etc includes index.
650 ## - SUBJECT ADDED ENTRY--TOPICAL TERM
Topical term or geographic name as entry element Control systems.
9 (RLIN) 11013
942 ## - ADDED ENTRY ELEMENTS (KOHA)
Source of classification or shelving scheme Dewey Decimal Classification
Koha item type Open Shelf
Holdings
Withdrawn status Lost status Source of classification or shelving scheme Damaged status Not for loan Home library Current library Date acquired Source of acquisition Inventory number Total Checkouts Full call number Barcode Date last seen Price effective from Koha item type
    Dewey Decimal Classification     MUST Main Library MUST Main Library 07/09/2016   11/33592   003.5GOL 2006. 2016-4086 07/09/2016 07/09/2016 Open Shelf
    Dewey Decimal Classification     MUST Main Library MUST Main Library 04/10/2021 Purchase 11/33766   629.8GOI 2010 2021-1394 04/10/2021 04/10/2021 Open Shelf